Los 10 departamentos más pequeños de Colombia - Estadísticas

Estadísticas generales
  • Esta prueba ha sido intentada 45 veces
    36 desde el último reinicio
  • La puntuación promedio es 8 de 10
Estadísticas de respuestas
Superficie Departamento % Correcto
3.388 km² Atlántico
97%
1.845 km² Quindío
97%
4.140 km² Risaralda
97%
7.888 km² Caldas
93%
1.587 km² Bogotá, D. C.
90%
19.890 km² Huila
83%
52 km² San Andrés, Providencia y Santa Catalina
83%
10.917 km² Sucre
73%
22.140 km² Valle del Cauca
47%
20.848 km² La Guajira
40%
No se encontraron pruebas coincidentes
Distribución de puntuación
Porcentaje de gente con cada puntuación
Porcentaje por número respondido
Historial de tus puntuaciones
No has intentado esta prueba desde el último reinicio